| Tag |
First Indicator |
Second Indicator |
Subfields |
| LEADER |
00000cam a2200000 a 4500 |
| 001 |
in00001190621 |
| 005 |
20151002052415.0 |
| 008 |
940802c19941987enk 000 0 eng d |
| 020 |
|
|
|a 0198182724 (v. 1)
|
| 020 |
|
|
|a 0198182732 (v. 2)
|
| 020 |
|
|
|a 0198182740 (v. 3)
|
| 035 |
|
|
|a (OCoLC)30862863
|
| 035 |
|
|
|9 AGH8089AM
|
| 040 |
|
|
|a SUC
|c SUC
|d TXA
|d UtOrBLW
|
| 049 |
|
|
|a TXAM
|
| 090 |
|
|
|a PR2754
|b .W45 1994
|
| 100 |
1 |
|
|a Shakespeare, William,
|d 1564-1616.
|
| 240 |
1 |
0 |
|a Works.
|f 1994
|
| 245 |
1 |
4 |
|a The complete Oxford Shakespeare /
|c general editors, Stanley Wells and Gary Taylor ; editors, Stanley Wells [and others] ; with introductions by Stanley Wells.
|
| 264 |
|
1 |
|a Oxford ;
|a New York :
|b Oxford University Press,
|c 1994
|
| 264 |
|
4 |
|c ©1987
|
| 300 |
|
|
|a 3 volumes ;
|c 22 cm.
|
| 336 |
|
|
|a text
|b txt
|2 rdacontent
|
| 337 |
|
|
|a unmediated
|b n
|2 rdamedia
|
| 338 |
|
|
|a volume
|b nc
|2 rdacarrier
|
| 490 |
1 |
|
|a The Oxford library
|
| 490 |
1 |
|
|a Oxford paperbacks
|
| 500 |
|
|
|a Includes index (volume 1).
|
| 505 |
0 |
|
|a v. 1. Histories -- v. 2. Comedies -- v. 3. Tragedies.
|
| 700 |
1 |
|
|a Wells, Stanley W.,
|d 1953-
|
| 700 |
1 |
|
|a Taylor, Gary.
|
| 830 |
|
0 |
|a Oxford library.
|
| 830 |
|
0 |
|a Oxford paperbacks.
|
| 999 |
|
|
|a MARS
|
| 999 |
f |
f |
|s 6f385108-b99a-388c-bc3b-842eb917e740
|i 1d66afce-4f99-33e2-8d81-c3b7eab61e9f
|t 0
|
| 952 |
f |
f |
|p normal
|a Texas A&M University
|b College Station
|c Sterling C. Evans Library
|d Evans: Library Stacks
|t 0
|e PR2754 .W45 1994
|h Library of Congress classification
|i unmediated -- volume
|k v.3
|m A14818471270
|
| 952 |
f |
f |
|p normal
|a Texas A&M University
|b College Station
|c Sterling C. Evans Library
|d Evans: Library Stacks
|t 0
|e PR2754 .W45 1994
|h Library of Congress classification
|i unmediated -- volume
|k v.1
|m A14820100665
|
| 952 |
f |
f |
|p normal
|a Texas A&M University
|b College Station
|c Sterling C. Evans Library
|d Evans: Library Stacks
|t 0
|e PR2754 .W45 1994
|h Library of Congress classification
|i unmediated -- volume
|k v.2
|m A14820100720
|
| 998 |
f |
f |
|a PR2754 .W45 1994
|s v.1-v.3
|t 0
|l Evans: Library Stacks
|